Conditions of contract for construction (Record no. 116151)
[ view plain ]
| 000 -LEADER | |
|---|---|
| fixed length control field | 01124cam a2200289 4500 |
| 001 - CONTROL NUMBER | |
| control field | L159925 |
| 008 - FIXED-LENGTH DATA ELEMENTS--GENERAL INFORMATION | |
| fixed length control field | 180328n2017 000 0 eng u |
| 020 ## - INTERNATIONAL STANDARD BOOK NUMBER | |
| International Standard Book Number | 9782884320849 |
| 035 ## - SYSTEM CONTROL NUMBER | |
| System control number | (Sirsi) u159925 |
| 041 0# - LANGUAGE CODE | |
| Language code of text/sound track or separate title | eng |
| 050 ## - LIBRARY OF CONGRESS CALL NUMBER | |
| Classification number | 624.08 |
| -- | 18 |
| 110 ## - MAIN ENTRY--CORPORATE NAME | |
| Corporate name or jurisdiction name as entry element | Federation Internationale des Ingenieurs-Conseils |
| 9 (RLIN) | 764 |
| 245 ## - TITLE STATEMENT | |
| Title | Conditions of contract for construction |
| Remainder of title | For building and engineering works designed by employer |
| 250 ## - EDITION STATEMENT | |
| Edition statement | 2nd ed |
| 260 ## - PUBLICATION, DISTRIBUTION, ETC. | |
| Place of publication, distribution, etc. | Lausanne |
| Name of publisher, distributor, etc. | FIDIC |
| Date of publication, distribution, etc. | 2017 |
| 300 ## - PHYSICAL DESCRIPTION | |
| Extent | vi, 123p |
| Dimensions | 30cm. |
| 520 ## - SUMMARY, ETC. | |
| Summary, etc. | Includes general conditions of contract for construction for building and engineering works designed by employer, guidance for the preparation of particular conditions and annexes, forms of securities, forms of letters of tender, letter of acceptance, contract agreement and dispute adjudication and avoidance agreement. |
| 520 ## - SUMMARY, ETC. | |
| Summary, etc. | Superseded by 1st ed 28843210 |
| 590 ## - LOCAL NOTE (RLIN) | |
| Local note | NTK |
| 650 ## - SUBJECT ADDED ENTRY--TOPICAL TERM | |
| Topical term or geographic name entry element | ENGINEERING CONTRACTS |
| 650 ## - SUBJECT ADDED ENTRY--TOPICAL TERM | |
| Topical term or geographic name entry element | INTERNATIONAL CONTRACTS |
| 650 24 - SUBJECT ADDED ENTRY--TOPICAL TERM | |
| Topical term or geographic name entry element | RED BOOK |
| 650 24 - SUBJECT ADDED ENTRY--TOPICAL TERM | |
| Topical term or geographic name entry element | FIDIC |
| 651 #4 - SUBJECT ADDED ENTRY--GEOGRAPHIC NAME | |
| Geographic name | International |
| 690 ## - LOCAL SUBJECT ADDED ENTRY--TOPICAL TERM (OCLC, RLIN) | |
| Topical term or geographic name as entry element | Contracts |
| 9 (RLIN) | 6232 |
| 942 ## - ADDED ENTRY ELEMENTS (KOHA) | |
| Suppress in OPAC | 0 |
| Withdrawn status | Lost status | Source of classification or shelving scheme | Damaged status | Not for loan | Home library | Current library | Shelving location | Date acquired | Total Checkouts | Full call number | Barcode | Date last seen | Copy number | Price effective from | Koha item type |
|---|---|---|---|---|---|---|---|---|---|---|---|---|---|---|---|
| Dewey Decimal Classification | London | London | Folio | 28/03/2018 | F624.08 | 30078936 | 06/08/2019 | 1 | 06/08/2019 | Book |